COMPARISON OF DIFFERENT TYPE OF ORGANIC FERTILIZERS ON CUCUMBER (CUCUMIS SATIVUS L.). ការប្រៀបធៀបប្រភេទជីសរីរាង្គខុសៗគ្នាទៅលើដំណាំត្រសក់ (Record no. 22707)

000 -LEADER
fixed length control field 00619nam a22001337a 4500
040 ## - CATALOGING SOURCE
Transcribing agency RUA
082 ## - DEWEY DECIMAL CLASSIFICATION NUMBER
Classification number AGR KER 2021 B1-586 Or.
100 ## - MAIN ENTRY--AUTHOR NAME
Personal name KER HAMMATH កើ ហាំម៉ាត់
245 ## - TITLE STATEMENT
Title COMPARISON OF DIFFERENT TYPE OF ORGANIC FERTILIZERS ON CUCUMBER (CUCUMIS SATIVUS L.). ការប្រៀបធៀបប្រភេទជីសរីរាង្គខុសៗគ្នាទៅលើដំណាំត្រសក់
260 ## - PUBLICATION, DISTRIBUTION, ETC. (IMPRINT)
Place of publication Phnom Penh
Name of publisher RUA
Year of publication 2021
300 ## - PHYSICAL DESCRIPTION
Number of Pages X.34P
Other physical details VII.
Dimensions 29CM
856 ## - ELECTRONIC LOCATION AND ACCESS
Uniform Resource Identifier https://drive.google.com/file/d/17k8XPcRoEnxJJN5tJgarPpOIKsEuVPL0/view?usp=sharing
942 ## - ADDED ENTRY ELEMENTS (KOHA)
Koha item type AGR
952 ## - LOCATION AND ITEM INFORMATION (KOHA)
Withdrawn status [LOCAL, KOHA] 0
952 ## - LOCATION AND ITEM INFORMATION (KOHA)
Withdrawn status [LOCAL, KOHA] 0
952 ## - LOCATION AND ITEM INFORMATION (KOHA)
Withdrawn status [LOCAL, KOHA] 0
952 ## - LOCATION AND ITEM INFORMATION (KOHA)
Withdrawn status [LOCAL, KOHA] 0
Holdings
Permanent Location Date acquired Koha item type Lost status Shelving location Barcode Current Location Full call number
Library Block B2024-03-26AGR B1.586a078489Library Block BAGR KER 2021 B1-586 Or.
Library Block B2024-03-26AGR B1.586a078349Library Block BAGR KER 2021 B1-586 Or.
Library Block B2024-03-26AGR B1.586a078369Library Block BAGR KER 2021 B1-586 Or.
Library Block B2024-03-26AGR B1.586a078556Library Block BAGR KER 2021 B1-586 Or.
មជ្ឈមណ្ឌលឯការនៃសាកលវិទ្យាល័យភូមិន្ទកសិកម្មចំការដូង

Powered by Koha